| 000 | 01773nam a2200481Ii 4500 | ||
|---|---|---|---|
| 001 | DIGLCATRTA0121 | ||
| 003 | NyNyDIG | ||
| 006 | m o d | ||
| 007 | cr ||||||||||| | ||
| 008 | 211207s2013 sp ob 000 0 spa d | ||
| 035 | _a(OCoLC)1319853702 | ||
| 040 |
_aDGITA _beng _erda _epn _cDGITA |
||
| 020 |
_a9788483199732 _qeBook |
||
| 020 | _z9788483198629 | ||
| 050 | 1 | 4 | _aHQ1237 ebook |
| 100 | 1 |
_aPazos Morán, María, _eauthor. |
|
| 245 | 1 | 0 |
_aDesiguales por ley : _blas políticas públicas contra la igualdad de género / _cMaría Pazos Morán. |
| 246 | 3 | 0 | _aPolíticas públicas contra la igualdad de género |
| 264 | 1 |
_aMadrid : _bCatarata, _c[2013] |
|
| 300 | _a1 online resource. | ||
| 336 |
_atext _btxt _2rdacontent |
||
| 337 |
_acomputer _bc _2rdamedia |
||
| 338 |
_aonline resource _bcr _2rdacarrier |
||
| 347 |
_atext file _2rdaft |
||
| 347 | _bEPUB | ||
| 490 | 1 |
_aCatarata ; _v461 |
|
| 504 | _aIncludes bibliographical references. | ||
| 588 | 0 | _aOnline resource; title from ePUB title page (Digitalia, viewed December 7, 2021) | |
| 650 | 0 | _aSex discrimination in employment. | |
| 650 | 0 |
_aWomen _xEmployment. |
|
| 650 | 0 | _aFeminist economics. | |
| 650 | 0 |
_aWomen _xEconomic conditions. |
|
| 650 | 0 | _aSex discrimination against women. | |
| 650 | 0 | _aSocial policy. | |
| 655 | 0 | _aElectronic books. | |
| 791 | 2 |
_aDigitalia (Firm), _edistributor. |
|
| 830 | 0 |
_aLibros de la catarata (Series) ; _v461. |
|
| 793 | 0 |
_gDigitalia eBook Collection: _aLos libros de la catarata |
|
| 776 | 0 | 8 |
_iPrint version: _aPazos Morán, María. _tDesiguales por ley. _dMadrid : Catarata, [2013] _z9788483198629 |
| 856 | 4 | 0 |
_3Digitalia Hispánica _uhttps://www.digitaliapublishing.com/a/80939/ |
| 910 | _aPremium collection: 2022 | ||
| 942 | _cRAA | ||
| 999 |
_c264998 _d264998 |
||